Eléments de géométrie / (Record no. 157459)

MARC details
000 -LEADER
campo de control de longitud fija 00703nam a22002055i 4500
001 - NÚMERO DE CONTROL
campo de control 157459
003 - IDENTIFICADOR DE NÚMERO DE CONTROL
campo de control ES-MaACL
005 - FECHA Y HORA DE LA ÚLTIMA TRANSACCIÓN
campo de control 20250724074834.0
008 - DATOS DE LONGITUD FIJA--INFORMACIÓN GENERAL
campo de control de longitud fija 040810s1853 fr a |||| | fre d
040 ## - FUENTE DE CATALOGACIÓN
Centro catalogador/agencia de origen CAM
Lengua de catalogación spa
Centro/agencia transcriptor CAM
100 1# - ENTRADA PRINCIPAL--NOMBRE DE PERSONA
Nombre de persona Legendre, Adrien Marie.
9 (RLIN) 128852
245 10 - MENCIÓN DEL TÍTULO
Título Eléments de géométrie /
Mención de responsabilidad, etc. par A.M. Legendre; avec additions et modifications par A. Blanchet.
250 ## - MENCION DE EDICION
Mención de edición 3e éd.
260 ## - PUBLICACIÓN, DISTRIBUCIÓN, ETC.
Lugar de publicación, distribución, etc. Paris :
Nombre del editor, distribuidor, etc. Librairie de Firmin Didot frères,
Fecha de publicación, distribución, etc. 1853.
300 ## - DESCRIPCIÓN FÍSICA
Extensión II, 284 p. :
Otras características físicas il. ;
Dimensiones 21 cm.
650 #7 - PUNTO DE ACCESO ADICIONAL DE MATERIA--TÉRMINO DE MATERIA
Término de materia o nombre geográfico como elemento de entrada Geometría
Fuente del encabezamiento o término embne
9 (RLIN) 13096
700 11 - ENTRADA AGREGADA--NOMBRE PERSONAL
Nombre de persona Blanchet, A.
9 (RLIN) 29152
852 ## - LOCALIZACIÓN
Ubicación ES-MaACL
Número de control de estantería F-5552
Nota libre -- Enc. cartón
-- -- Ex-libris de Antonio Gascon
Holdings
Estatus retirado Estado de pérdida Estado de daño No para préstamo Colección Biblioteca de origen Biblioteca actual Ubicación en estantería Fecha de adquisición Fuente de adquisición Total de préstamos Signatura topográfica completa Código de barras Visto por última vez Precio de reemplazo Tipo de ítem Koha
        Libros del s. XIX Biblioteca del Ateneo de Madrid Biblioteca del Ateneo de Madrid Depósito 2 17/01/2008     F-5552 1164777 23/02/2023 23/02/2023 Libro impreso antiguo